000 00250nam a2200109Ia 4500
008 250327s9999 xx 000 0 und d
020 _a9781633699106
082 _aCQR
245 0 _aHBRS 10 MUST READS ON LEADERSHIP,VOL.2
260 _bPEN
942 _cBK
999 _c7239
_d7239